Online Catalogue and eLibrary

Changing Needs of Children : (Record no. 1533)

MARC details
000 -LEADER
fixed length control field 00417nam a2200157Ia 4500
005 - DATE AND TIME OF LATEST TRANSACTION
control field 20250106042713.0
008 - FIXED-LENGTH DATA ELEMENTS--GENERAL INFORMATION
fixed length control field 240331s9999 xx 000 0 und d
082 ## - DDC Classification
Item Number - Author Mark GOD
DDC Edition Number 991
Class No. 305.23
100 ## - MAIN ENTRY--PERSONAL NAME
Personal name Gunatilleke, G
245 #0 - TITLE STATEMENT
Title Changing Needs of Children :
Remainder of title The experience of Sri Lanka
260 ## - PUBLICATION, DISTRIBUTION, ETC.
Place of publication, distribution, etc. Colombo
Name of publisher, distributor, etc. Marga Institute
Date of publication, distribution, etc. 1985
300 ## - PHYSICAL DESCRIPTION
Extent (e.g. Volumes, Pages etc.) iii, 38 p.,
650 ## - SUBJECT ADDED ENTRY--TOPICAL TERM
Topical term or geographic name entry element Children
650 ## - SUBJECT ADDED ENTRY--TOPICAL TERM
Topical term or geographic name entry element Education
942 ## - Koha item type (Biblio)
Koha item type Books in Stacks (Lending)
Holdings
Lost status Damaged status Collection code Home library Current library Shelving location Date acquired Full call number Accession Number Item type
    Lending WERC Library WERC Library Social Science Cupboard 03/31/2024 305.23 GUN 991 Books in Stacks (Lending)

© WERC Library